Presidential parties (Record no. 54403)
[ view plain ]
| 000 -LEADER | |
|---|---|
| fixed length control field | 00723nam a2200193 a 4500 |
| 008 - FIXED-LENGTH DATA ELEMENTS--GENERAL INFORMATION | |
| fixed length control field | 120416s1984 ||||||||||||||||| || u |
| 020 ## - INTERNATIONAL STANDARD BOOK NUMBER | |
| International Standard Book Number | 0256031037 |
| 050 ## - LIBRARY OF CONGRESS CALL NUMBER | |
| Classification number | JK 2267 Kes |
| 100 ## - MAIN ENTRY--PERSONAL NAME | |
| Personal name | Kessel, John H. (John Howard) |
| 245 10 - TITLE STATEMENT | |
| Title | Presidential parties |
| 260 ## - PUBLICATION, DISTRIBUTION, ETC. | |
| Place of publication, distribution, etc. | Homewood Ill. |
| Name of publisher, distributor, etc. | The Dorsey Press |
| Date of publication, distribution, etc. | 1984 |
| 300 ## - PHYSICAL DESCRIPTION | |
| Extent | xviii, 645p. ill. |
| 350 ## - PRICE (NR) (BK AM CF MU VM SE) [OBSOLETE] | |
| Price | 0.00 |
| 490 ## - SERIES STATEMENT | |
| Series statement | The Dorsey series in political science |
| 500 ## - GENERAL NOTE | |
| General note | Includes index. -Bibliography: p. 611-627. |
| 650 #0 - SUBJECT ADDED ENTRY--TOPICAL TERM | |
| Topical term or geographic name entry element | UNITED STATES--POLITICS AND GOVERNMENT--1945-1989 |
| 650 ## - SUBJECT ADDED ENTRY--TOPICAL TERM | |
| Topical term or geographic name entry element | GOVERNMENT |
| 995 ## - RECOMMENDATION 995 [LOCAL, UNIMARC FRANCE] | |
| -- | 0.00 |
| -- | CBU-MAIN LIBRARY (Kitwe) |
| -- | 1 |
| -- | 5.95 |
| -- | 1 |
| -- | AVAILABLE |
| -- | Annex Low-Usage Collection |
| Withdrawn status | Lost status | Source of classification or shelving scheme | Damaged status | Not for loan | Home library | Current library | Shelving location | Date acquired | Total Checkouts | Full call number | Barcode | Date last seen | Price effective from | Koha item type |
|---|---|---|---|---|---|---|---|---|---|---|---|---|---|---|
| CBU-MAIN LIBRARY, KITWE. | CBU-MAIN LIBRARY, KITWE. | 11/30/2022 | JK 2267 Kes | 008970 | 11/30/2022 | 11/30/2022 | MONOGRAPH |